000 00961nac a22002291u 4500
010 _a2001026539
020 _a0324122772
082 0 0 _a343.7309
_bM6471
090 _c1069
_d1069
100 _aMiller, Roger LeRoy.
245 1 0 _aFinance and e-commerce :
_bthe online legal environment /
_cRoger LeRoy Miller, Gaylord A. Jentz.
260 _a[Cincinnati, OH] :
_bWest/Thomson Learning,
_cc2002.
300 _a1 v. (various pagings) :
_bill., maps ;
_c26 cm.
504 _aIncludes bibliographical references and index.
650 0 _aElectronic commerce
_xLaw and legislation
_zUnited States.
650 0 _aBusiness law
_zUnited States.
650 0 _aComputer networks
_xLaw and legislation
_zUnited States.
650 0 _aElectronic commerce
_xFinance.
700 1 _aJentz, Gaylord A.
942 _cBB
_k343.7309M6471
999 _c1069
_d1069